<?xml version="1.0" encoding="UTF-8"?>
<collection xmlns="http://www.loc.gov/MARC21/slim">
  <record>
    <leader>00000nam  2200000   4500</leader>
    <controlfield tag="001">INLIS000000000019186</controlfield>
    <controlfield tag="005">20250210111547</controlfield>
    <datafield tag="035" ind1="#" ind2="#">
      <subfield code="a">0010-0225000143</subfield>
    </datafield>
    <controlfield tag="007">ta</controlfield>
    <controlfield tag="008">250210################g##########0#ind##</controlfield>
    <datafield tag="020" ind1="#" ind2="#">
      <subfield code="a">978 979 686 050 3</subfield>
    </datafield>
    <datafield tag="082" ind1="#" ind2="#">
      <subfield code="a">690</subfield>
    </datafield>
    <datafield tag="084" ind1="#" ind2="#">
      <subfield code="a">690 ZAI r</subfield>
    </datafield>
    <datafield tag="100" ind1=" " ind2="#">
      <subfield code="a">Zainal A.Z</subfield>
    </datafield>
    <datafield tag="245" ind1="1" ind2="#">
      <subfield code="a">Rumah Indah :</subfield>
      <subfield code="b">desain, bahan-bahan yang dipakai, dan analisa anggaran biaya /</subfield>
      <subfield code="c">Zainal A.Z.</subfield>
    </datafield>
    <datafield tag="260" ind1="#" ind2="#">
      <subfield code="a">Jakarta :</subfield>
      <subfield code="b">Gramedia Pustaka Utama,</subfield>
      <subfield code="c">2004</subfield>
    </datafield>
    <datafield tag="300" ind1="#" ind2="#">
      <subfield code="a">vii, 159 halaman :</subfield>
      <subfield code="b">ilus ;</subfield>
      <subfield code="c">30 cm</subfield>
    </datafield>
    <datafield tag="650" ind1="#" ind2="4">
      <subfield code="a">Perumahan</subfield>
    </datafield>
    <datafield tag="520" ind1="#" ind2="#">
      <subfield code="a">Kemajuan suatu masyarakat di ukur juga dari tingkat keahlian membangun tempat tinggal, menjadi rumah yang indah. Keindahan secara langsung berurusan dengan perasaan senang. Tetapi kini berkembang suatu kesan yang kuat di sekitar kita, seolah-olah rumah yang indah berarti rumah yang mahal. Kesan semacam ini tidak seluruhnya benar, kalau membangun rumah indah didasarkan atas perencanaan yang matang.&#13;
Buku ini membantu golongan menengah untuk membangun rumah indah secara relatif "murah". Disajikan di sini sepuluh disain rumah, juga beberapa bentuk pagar halaman, yang dapat dipilih dan disesuaikan dengan bangunan rumah. Di samping itu diuraikan pula kalkulasi tentang bahan-bahan yang dipakai dan analisa tenaga kerja untuk menghemat biaya serta menghindarkan pemborosan.</subfield>
    </datafield>
    <datafield tag="990" ind1="#" ind2="#">
      <subfield code="a">04098405</subfield>
    </datafield>
    <datafield tag="990" ind1="#" ind2="#">
      <subfield code="a">04098406</subfield>
    </datafield>
    <datafield tag="990" ind1="#" ind2="#">
      <subfield code="a">04098407</subfield>
    </datafield>
  </record>
</collection>
